00327 2200145 4500001002100000005001500021035002000036245003900056100001800095300001200113260002200125082000800147084001400155990001200169INLIS00000000000204120250527091037 a0010-05250003331 aBuruan Nikahi Gue /cArif Faradin0 aArif Faradin a148 hlm bDiva Press,c2004 a813 a813 ARI b a0712676